Normal view
MARC view
- Pratt, Sisson C
Entry Personal Name
001 - CONTROL NUMBER
- control field: 49383
003 - CONTROL NUMBER IDENTIFIER
- control field: NUST
005 - DATE AND TIME OF LATEST TRANSACTION
- control field: 20210314134323.0
008 - FIXED-LENGTH DATA ELEMENTS
- fixed length control field: 210314|| aca||aabn | a|a d
040 ## - CATALOGING SOURCE
- Original cataloging agency: NUST
- Transcribing agency: NUST
100 ## - HEADING--PERSONAL NAME
- Personal name: Pratt, Sisson C
670 ## - SOURCE DATA FOUND
- Source citation: Work cat.: (NUST): Pratt, Sisson C., Saarbrück to Paris, 1870;, 1904.
